STN EN 60947-3/A1: 2012 (35 4101), Nízkonapäťové spínacie a riadiace zariadenia Časť Spínače, odpájače, odpínače a poistkové kombinácie

Táto zmena A1 STN EN 60947-3: 2010 je slovenskou verziou európskej normy EN 60947-3: 2009/A1: 2012. Preklad zabezpečil Slovenský ústav technickej normalizácie. Má rovnaké postavenie ako majú oficiálne verzie

Podrobná bibliografia
Korporatívny autor: Gabriela Čatlošová - INFOSERVIS (Krompachy, Slovensko) (Prekladateľ)
Ďalší autori: Čatloš, Marcel (Prekladateľ)
Médium: Kniha
Jazyk:slovenčina
angličtina
Fyzický popis:12 s. obr., tab. 30 cm
Vydavateľské údaje: Bratislava Slovenský ústav technickej normalizácie 2012
Predmet:

MARC

LEADER 00000nam a2200000 a 4500
001 vtls010467406
003 SK-MaSNL
005 20260302025455.0
008 130117s xo ka f u 000 0 slo
015 |a SNBN2013 
020 |c (cen. skup. 3) 
040 |a SNK  |b slo  |c SNK  |e AACR2 
041 1 |a slo  |h eng 
044 |a xo  |c SK 
046 |a s  |m 201211 (účin.) 
072 7 |a 621.3  |x Elektrotechnika  |2 konspekt 
080 |a 621.316.53/.57  |2 2001 
080 |a 006.7/.8  |2 2001 
080 |a (437.6)  |2 2001 
080 |a (4)  |2 2001 
084 |a 29.120.40  |2 ICS 
084 |a 29.130.20  |2 ICS 
130 0 |a STN 35 4101 (STN EN 60947-3/A1)  |9 674814 
245 1 0 |a STN EN 60947-3/A1: 2012 (35 4101), Nízkonapäťové spínacie a riadiace zariadenia  |n Časť  |p Spínače, odpájače, odpínače a poistkové kombinácie 
246 1 0 |a Nízkonapäťové spínacie a riadiace zariadenia. Časť 3 
246 1 0 |a Spínače, odpájače, odpínače a poistkové kombinácie 
246 3 0 |a EN 60947-3: 2009/A1: 2012 E 
260 |a Bratislava  |b Slovenský ústav technickej normalizácie  |c 2012 
300 |a 12 s.  |b obr., tab.  |c 30 cm 
500 |a Súbežný názov v angličtine, francúzštine, nemčine 
500 |a Spracovateľ: INFOSERVIS Krompachy, Gabriela Čatlošová, Marcel Čatloš 
504 |a Citované normy, súvisiace právne predpisy s. 2 
520 8 |a Táto zmena A1 STN EN 60947-3: 2010 je slovenskou verziou európskej normy EN 60947-3: 2009/A1: 2012. Preklad zabezpečil Slovenský ústav technickej normalizácie. Má rovnaké postavenie ako majú oficiálne verzie 
540 |a STN vydané na akomkoľvek nosiči sa môžu rozmnožovať a rozširovať iba so súhlasom určenej právnickej osoby  |b SÚTN Bratislava  |c zákon 264/1999 Z. z. 
650 0 7 |a spínače  |2 SNKPH  |9 24331 
650 0 7 |a technické normy a štandardy  |z Slovensko  |2 SNKPH  |9 79594 
650 0 7 |a technické normy a štandardy  |z krajiny Európskej únie  |2 SNKPH  |9 289341 
650 0 7 |a elektrické zariadenia  |2 SNKPH  |9 3916 
650 0 7 |a Switching devices  |2 SNKPHeng  |9 298155 
655 7 |a normy  |2 SNKPH  |9 70643 
700 1 |a Čatloš, Marcel  |4 trl  |9 291773 
710 2 |a Slovenský ústav technickej normalizácie (Bratislava, Slovensko).  |b Technická komisia č. 82 Elektrické prístroje a rozvádzače  |4 stn  |9 311844 
710 2 |a Gabriela Čatlošová - INFOSERVIS (Krompachy, Slovensko)  |4 trl  |9 304728 
774 1 8 |t STN EN 60947-3: 2010  |d Bratislava : Slovenský ústav technickej normalizácie, 2010  |w vtls010062245 
774 1 8 |t STN EN 60947-3/A2: 2017  |d Bratislava : Úrad pre normalizáciu, metrológiu a škúšobníctvo SR, 2017  |w vtls011622570 
852 |a Štátna vedecká knižnica v Banskej Bystrici 
958 |a OP 
958 |a NB 
999 |c 1044331  |d 1046261 
952 |a SNK  |b SNK  |y PREZ  |7 0  |p 17A1056801  |o snkSTn EN 60947-3/A1  |i snk2012/23662  |8 0  |0 0  |1 0  |4 0  |d 2012-11-19  |l 0  |r 2026-02-24 14:35:09  |w 2026-02-24 
952 |a SNK  |b SNK  |y PREZ  |7 0  |p 17A1056799  |o snkSTN EN 60947-3/A1 D1  |i snk2012/23663  |8 0  |0 0  |1 0  |4 0  |d 2012-11-19  |l 0  |r 2026-02-24 14:35:09  |w 2026-02-24